00585nam a2200169 4500001000700000003000900007005001700016007000300033008004100036100005600077245005600133260003100189300002200220852003200242999001900274952012200293122441ES-MaACL20231226211013.0t|070214s1971 sp r ||||1| spa d1 aPrimo de Rivera, José Antonio,d1903-1936914253310aBreve antología de José Antonio b: Libro azul. aMadrid : bUmbral, c1971. a121 p. ; c17 cm. aES-MaACLjC-40825 bR.78993 c122441d122441 00104070aATENEOMbATENEOMcDEPO2d2008-01-17eSCl0oC-40825p1127589r2023-02-23 00:00:00w2023-02-23yMONOGRAFIA